|
|
|
|
| LEADER |
01785nam a2200421 i 4500 |
| 001 |
EBC5047895 |
| 003 |
MiAaPQ |
| 005 |
20200520144314.0 |
| 006 |
m o d | |
| 007 |
cr cnu|||||||| |
| 008 |
171021t20182018enkaof ob 001 0 eng d |
| 020 |
|
|
|z 9781474287098
|
| 020 |
|
|
|a 9781474287111 (e-book)
|
| 035 |
|
|
|a (MiAaPQ)EBC5047895
|
| 035 |
|
|
|a (Au-PeEL)EBL5047895
|
| 035 |
|
|
|a (CaPaEBR)ebr11442986
|
| 035 |
|
|
|a (OCoLC)1004271463
|
| 040 |
|
|
|a MiAaPQ
|b eng
|e rda
|e pn
|c MiAaPQ
|d MiAaPQ
|
| 050 |
|
4 |
|a NK4701.8
|b .F374 2018
|
| 082 |
0 |
|
|a 792.026
|2 23
|
| 245 |
0 |
0 |
|a Fashion curating :
|b critical practice in the museum and beyond /
|c edited by Annamari Vanska and Hazel Clark.
|
| 264 |
|
1 |
|a London, England :
|b Bloomsbury Academic,
|c 2018.
|
| 264 |
|
4 |
|c 2018
|
| 300 |
|
|
|a 1 online resource (281 pages, 24 numbered pages of plates) :
|b illustrations, photographs
|
| 336 |
|
|
|a text
|2 rdacontent
|
| 337 |
|
|
|a computer
|2 rdamedia
|
| 338 |
|
|
|a online resource
|2 rdacarrier
|
| 504 |
|
|
|a Includes bibliographical references at the end of each chapters and index.
|
| 588 |
|
|
|a Description based on print version record.
|
| 590 |
|
|
|a Electronic reproduction. Ann Arbor, MI : ProQuest, 2016. Available via World Wide Web. Access may be limited to ProQuest affiliated libraries.
|
| 650 |
|
0 |
|a Costume museums.
|
| 650 |
|
0 |
|a Museums
|x Curatorship.
|
| 655 |
|
4 |
|a Electronic books.
|
| 700 |
1 |
|
|a Vanska, Annamari,
|e editor.
|
| 700 |
1 |
|
|a Clark, Hazel,
|e editor.
|
| 776 |
0 |
8 |
|i Print Version:
|t Fashion curating : critical practice in the museum and beyond.
|d London, England : Bloomsbury Academic, c2018
|h xvi, 264 pages
|z 9781474287104
|w 2017043747
|
| 797 |
2 |
|
|a ProQuest (Firm)
|
| 856 |
4 |
0 |
|u https://ebookcentral.proquest.com/lib/matrademy/detail.action?docID=5047895
|z Click to View
|